[Event "BCF-chT4a 0405 (4NCL)"]
[Site "Telford"]
[Date "2005.05.28"]
[Round "9.6"]
[White "Harrison, Pete R"]
[Black "Gavin, Peter"]
[Result "1-0"]
[WhiteElo "1875"]
[BlackElo "1630"]
[PlyCount "113"]
[EventDate "2004.11.06"]
[EventType "team"]
[EventRounds "11"]
[EventCountry "ENG"]
[SourceTitle "EXT 2006"]
[Source "ChessBase"]
[SourceDate "2005.11.24"]
[SourceVersion "1"]
[SourceVersionDate "2005.11.24"]
[SourceQuality "1"]
[WhiteTeam "Oxford II"]
[BlackTeam "The ADS"]
[WhiteTeamCountry "ENG"]
[BlackTeamCountry "ENG"]

1. d4 Nf6 2. Nf3 d5 3. e3 c6 4. Bd3 Bg4 5. Nbd2 Nbd7 6. h3 Bxf3 7. Nxf3 e6 8. 0-0 Be7 9. c3 h6 10. Qe2 Qc7 11. e4 dxe4 12. Bxe4 Nxe4 13. Qxe4 Nf6 14. Qe2 0-0 15. Ne5 Bd6 16. f4 Rad8 17. g4 Bxe5 18. dxe5 Nd5 19. Kh1 Ne7 20. Be3 Nd5 21. Bc5 Rfe8 22. g5 hxg5 23. fxg5 Ne7 24. Bd6 Qa5 25. Qf2 Qd5+ 26. Kh2 Nf5 27. Rad1 Qb5 28. Bc7 Rxd1 29. Rxd1 Qc4 30. a3 Qh4 31. Qxh4 Nxh4 32. Kg3 Nf5+ 33. Kf4 a6 34. Bb6 Ne7 35. c4 Ng6+ 36. Ke4 Ne7 37. Rd7 Nf5 38. Rxb7 Ng3+ 39. Kd4 Ne2+ 40. Ke3 Ng3 41. Rd7 Nf5+ 42. Kf4 Re7 43. Rxe7 Nxe7 44. Ke4 Nf5 45. b4 Kf8 46. a4 Ke8 47. b5 cxb5 48. cxb5 axb5 49. axb5 Kd7 50. Bf2 Ne7 51. h4 g6 52. Kd3 Nd5 53. Kc4 Kc8 54. Kc5 Kb7 55. Kd6 Nc3 56. Ke7 Ne4 57. Bg1 1-0

[Event "BCF-chT4a 0405 (4NCL)"]
[Site "Telford"]
[Date "2005.02.26"]
[Round "5.6"]
[White "Gavin, Peter"]
[Black "Guiney, James"]
[Result "0-1"]
[WhiteElo "1630"]
[BlackElo "1840"]
[PlyCount "42"]
[EventDate "2004.11.06"]
[EventType "team"]
[EventRounds "11"]
[EventCountry "ENG"]
[SourceTitle "EXT 2006"]
[Source "ChessBase"]
[SourceDate "2005.11.24"]
[SourceVersion "1"]
[SourceVersionDate "2005.11.24"]
[SourceQuality "1"]
[WhiteTeam "The ADS"]
[BlackTeam "Sussex Mindsports"]
[WhiteTeamCountry "ENG"]
[BlackTeamCountry "ENG"]

1. d4 d5 2. Nf3 Nf6 3. c3 c6 4. e3 Bf5 5. Bd3 Bxd3 6. Qxd3 e6 7. 0-0 Bd6 8. h3 Nbd7 9. Nbd2 Qc7 10. e4 dxe4 11. Nxe4 Nxe4 12. Qxe4 Nf6 13. Qd3 0-0-0 14. b4 h6 15. a4 g5 16. Bxg5 hxg5 17. Nxg5 Rdg8 18. Qf3 Qe7 19. Ne4 Nxe4 20. Qxe4 Rxh3 21. f4 Qh4 0-1

[Event "BCF-chT4a 0405 (4NCL)"]
[Site "Telford"]
[Date "2005.01.15"]
[Round "3.6"]
[White "Varnam, Liam"]
[Black "Gavin, Peter"]
[Result "1-0"]
[WhiteElo "2085"]
[BlackElo "1630"]
[PlyCount "55"]
[EventDate "2004.11.06"]
[EventType "team"]
[EventRounds "11"]
[EventCountry "ENG"]
[SourceTitle "EXT 2006"]
[Source "ChessBase"]
[SourceDate "2005.11.24"]
[SourceVersion "1"]
[SourceVersionDate "2005.11.24"]
[SourceQuality "1"]
[WhiteTeam "Slough Sharks II"]
[BlackTeam "The ADS"]
[WhiteTeamCountry "ENG"]
[BlackTeamCountry "ENG"]

1. e4 c5 2. Nf3 Nc6 3. Nc3 e6 4. Bb5 Nge7 5. 0-0 a6 6. Bxc6 Nxc6 7. d3 Be7 8. Be3 d6 9. a4 b6 10. d4 cxd4 11. Nxd4 Nxd4 12. Qxd4 Bf6 13. Qb4 Bxc3 14. bxc3 Rb8 15. Rfd1 d5 16. c4 a5 17. Qb2 0-0 18. cxd5 exd5 19. Rxd5 Qe7 20. Bf4 Qxe4 21. Rd4 Qg6 22. Bxb8 Bb7 23. Bg3 Re8 24. Rad1 h5 25. Rd8 f5 26. Qe5 Rf8 27. Rxf8+ Kxf8 28. Rd8+ 1-0